000 00614nam a2200181 a 4500
005 20230526063601.0
008 991125s1982 mx 000 0 spa u
035 _aUPN01000005120
049 _aCG
050 4 _aLE7.2931 U18
_bJ5.3
100 1 _aJiménez Mier y Terán, Fernando Juan Bosco
_928789
245 1 3 _aEl autoritarismo en el gobierno de la UNAM /
_cFernando Jiménez Mier y Terán.
260 _aMéxico :
_bCultura Popular :
_bForo Universitario,
_c1982.
300 _a231 p.
440 3 _aLa educación
610 2 4 _aUniversidad Nacional Autónoma de México
_xAdministración
_919893
905 _aLibro
999 _c5120
_d5120